Score 0/40 Timer 05:00
5 Plays Today
Question Answer Wrong Answers
Charlie _____
Blockheaded Peanuts character
Brown
93.5%
Purple
0.3%
Orange
0.3%
Pink
0.2%
The _____ Panther
Peter Sellers movie series (and cartoon character)
Pink
93.4%
Purple
0.5%
Orange
0.2%
Brown
0.2%
_____ Rain
Prince song, album, and movie
Purple
93.1%
Orange
0.3%
Pink
0.6%
Brown
0.2%
Pretty in _____
1986 Molly Ringwald movie
Pink
93%
Purple
0.8%
Orange
0.3%
Brown
0.2%
_____ Floyd
Band behind 'The Wall' and 'The Dark Side of the Moon'
Pink
92.9%
Purple
0.8%
Orange
0.3%
Brown
0.3%
James _____
The Godfather of Soul ('Papa's Got a Brand New Bag')
Brown
92.1%
Purple
0.7%
Orange
0.7%
Pink
0.5%
A Clockwork _____
Seminal Anthony Burgess novel (and Kubrick directed film)
Orange
90.7%
Purple
1.1%
Pink
0.7%
Brown
1.5%
_____ Is the New Black
Netflix comedy/drama series
Orange
90.4%
Purple
0.9%
Pink
1.1%
Brown
1.9%
_____ Heart
US military decoration for being wounded or killed
Purple
90.3%
Orange
0.8%
Pink
2.4%
Brown
0.7%
Tickled _____
Very pleased; delighted
Pink
90.2%
Purple
2%
Orange
1.3%
Brown
0.6%
_____ Eye
Conjunctivitis
Pink
90%
Purple
1.7%
Orange
0.8%
Brown
1.8%
_____ Haze
Seminal Jimi Hendrix song
Purple
88.6%
Orange
2%
Pink
2%
Brown
1.3%
Jackie _____
1997 Quentin Tarantino film
Brown
88.3%
Purple
1%
Orange
3.3%
Pink
1.3%
The Color _____
Pulitzer Prize-winning Alice Walker novel
Purple
88.2%
Orange
2.5%
Pink
2.6%
Brown
1%
_____ Sugar
Rolling Stones hit
Brown
86.7%
Purple
1.7%
Orange
0.8%
Pink
4.9%
_____ University
Ivy League University
Brown
86.6%
Purple
2.6%
Orange
4.2%
Pink
0.8%
_____ Slip
Notice of job termination
Pink
86.6%
Purple
2.3%
Orange
2.7%
Brown
2.6%
_____ Crush
Carbonated soft drink and R.E.M. song
Orange
86%
Purple
4.6%
Pink
3.1%
Brown
0.5%
_____ Bowl
Annual college football bowl game
Orange
84.6%
Purple
3.6%
Pink
2.1%
Brown
3.8%
Old _____ Shoe
Beatles B-side to 'The Ballad of John and Yoko'
Brown
84.3%
Purple
4%
Orange
2.1%
Pink
3.2%
_____ People Eaters
1970s Minnesota Vikings defensive line
Purple
83.7%
Orange
3.7%
Pink
2.6%
Brown
3.9%
_____ Julius
Chain of fruit drink stores
Orange
83.7%
Purple
4.5%
Pink
4%
Brown
1.6%
The quick _____ fox jumps over the lazy dog
Pangram used for typing
Brown
82.7%
Purple
1.8%
Orange
8.1%
Pink
1.5%
_____ Cadillac
Bruce Springsteen song or Clint Eastwood movie
Pink
82%
Purple
6.2%
Orange
2.6%
Brown
3.4%
_____ Betty
Baked pudding of apples, bread crumbs, and spices
Brown
81.7%
Purple
2.7%
Orange
5.5%
Pink
4%
Agent _____
Herbicide used by US forces in Vietnam
Orange
80.9%
Purple
3.3%
Pink
1.9%
Brown
7.9%
Encyclopedia _____
Donald Sobol character
Brown
79.3%
Purple
3.7%
Orange
7.4%
Pink
3.1%
The _____ Bomber
Nickname of boxing legend Joe Louis
Brown
79.2%
Purple
5.6%
Orange
6.4%
Pink
2.4%
_____ Elephants
Drunken hallucination
Pink
77.9%
Purple
14.2%
Orange
1%
Brown
0.9%
Sporcle _____
Ad-free premium service of a certain trivia site
Orange
76.3%
Purple
8.4%
Pink
6.2%
Brown
2.9%
_____ Lady and Jeff
Notorious 1980 television flop
Pink
69.3%
Purple
11.5%
Orange
5.1%
Brown
7.3%
Prince(ss) of _____
Heir apparent to the Netherlands
Orange
64.9%
Purple
13.6%
Pink
11.1%
Brown
4%
The _____ Rose of Cairo
Woody Allen romance/fantasy/comedy
Purple
63.7%
Orange
3%
Pink
26.5%
Brown
0.9%
Born in the _____
Term for a child born to a reigning monarch
Purple
61.5%
Orange
6.7%
Pink
21.8%
Brown
3.8%
Riders of the _____ Sage
Landmark Western novel by Zane Grey
Purple
59.4%
Orange
12.5%
Pink
6%
Brown
15.4%
_____ State
Common nickname for swing states in US elections
Purple
59.1%
Orange
18.2%
Pink
9.5%
Brown
7%
_____ Prose
Extravagant, flowery, distracting text
Purple
56.2%
Orange
4.2%
Pink
31.6%
Brown
1.4%
The Big _____
Nickname for both Tel Aviv and Los Angeles
Orange
56.2%
Purple
7.6%
Pink
13.8%
Brown
15.9%
_____ Houses
John Mellencamp hit
Pink
55.2%
Purple
17.1%
Orange
7.2%
Brown
13.9%
The _____ Box
Valve gaming compilation with Portal, Team Fortress 2, and Half-Life 2
Orange
39.7%
Purple
16.9%
Pink
6.1%
Brown
30.5%
Remove Ads.
Support Sporcle.
Get the best of Sporcle when you Go Orange. This ad-free experience offers more features, more stats, and more fun while also helping to support Sporcle. Thank you for becoming a member.

You're not logged in!

Compare scores with friends on all Sporcle quizzes.
OR
Log In

Show Comments

Extras

Top Quizzes Today


Score Distribution

Your Account Isn't Verified!

In order to create a playlist on Sporcle, you need to verify the email address you used during registration. Go to your Sporcle Settings to finish the process.

Report this User

Report this user for behavior that violates our Community Guidelines.

Details: